Formule 1 - Vainqueurs du GP de Sepang, Malaisie - Statistiques

Statistiques générales
  • Ce quiz a été pris 37 fois
  • Le résultat moyen est 17 sur 19
Statistiques - réponses
Années Pilotes % Correct
2014 Lewis Hamilton
100%
2010 Sebastian Vettel
100%
2011 Sebastian Vettel
100%
2013 Sebastian Vettel
100%
2015 Sebastian Vettel
100%
2005 Fernando Alonso
97%
2007 Fernando Alonso
97%
2012 Fernando Alonso
97%
2003 Kimi Räikkönen
97%
2008 Kimi Räikkönen
97%
2000 Michael Schumacher
97%
2001 Michael Schumacher
97%
2004 Michael Schumacher
97%
2002 Ralf Schumacher
97%
2009 Jenson Button
86%
2017 Max Verstappen
83%
2016 Daniel Ricciardo
79%
2006 Giancarlo Fisichella
69%
1999 Eddie Irvine
62%
Aucun quiz correspondant
Distribution des résultats
% des personnes avec chaque résultat
Percentile par nombre de réponses
Votre historique - résultats
Vous n’avez pas pris ce quiz